Gatwick Express stations - Statistics

General Stats
  • This quiz has been taken 38 times
  • The average score is 6 of 7
Answer Stats
Answer % Correct
Gatwick Airport
100%
London Victoria
100%
Brighton
95%
Burgess Hill
75%
Haywards Heath
75%
Hassocks
70%
Preston Park
70%
No matching quizzes found
Score Distribution
Percent of People with Each Score
Percentile by Number Answered
Your Score History
You have not taken this quiz